Widok standardowy
Widok MARC
Pozycja Personal Name
Liczba rekordów, w których użyto hasła: 1
001 - Numer kontrolny
- control field: 39039
003 - Identyfikator numeru kontrolnego
- control field: NUKAT
005 - Data i czas ostatniej modyfikacji
- control field: 20260327105852.0
008 - Dane kontrolne kodowane (40 znaków)
- fixed length control field: 150309|||azznnbabn |a aaa |
010 ## - Numer kontrolny Biblioteki Kongresu
- numer kontrolny LC: p 2015022406
035 ## - Numer systemowy
- numer systemowy: a30617662
040 ## - Instytucja sporządzająca rekord
- inst. przygot. dane do rek. khw: WA N
- język haseł przedmiotowych/tezaurus: DBN
- inst. wprow. rek. khw: WA N
100 1# - Hasło - nazwa osobowa
- nazwa osobowa w formie ujednoliconej: Behring, Emil von
- daty biograficzne: (1854-1917)
400 1# - Trop zob. - nazwa osobowa
- nazwa osobowa (nazwisko, imiona): Behring, Emil Adolf von
670 ## - Źródło informacji
- źródło informacji: Emil von Behring / Heinrich Satter. - Bad Godesberg, 1967.
670 ## - Źródło informacji
- źródło informacji: Wikipedia